[Event "Top 12 FRA-chT 2017"]
[Site "Chartres"]
[Date "2017.05.24"]
[Round "7"]
[White "Cornette, Matthieu"]
[Black "Iglesias, Joachim"]
[Result "1-0"]
[WhiteElo "2593"]
[BlackElo "2258"]
[Annotator "TA"]
[PlyCount "84"]
[EventDate "2017.??.??"]
[EventType "team-tourn"]
[EventCountry "FRA"]
[SourceTitle "playchess.com"]
[Source "ChessBase"]
[SourceQuality "1"]
[WhiteTeam "Bois-Colombes"]
[BlackTeam "Vandoeuvre"]

{[%evp 26,84,35,20,37,55,43,43,40,42,58,40,104,85,89,77,110,106,105,79,202,197,194,161,163,166,155,159,167,145,178,142,148,143,147,117,224,178,259,250,235,245,247,229,311,306,329,329,315,317,301,267,386,422,387,369,780,755,646,612,550]} 1. e4 d6 2. d4 Nf6 3. Nc3 e5 4. Nf3 Nbd7 5. Bc4 Be7 6. a4 O-O 7. O-O c6 8. h3 a5 9. Re1 Nb6 {C41: Philidor Defence} (9... Qc7 10. Be3 Nb6 11. Ba2 Nfd7 12. Qe2 Bf6 13. d5 Be7 14. Rad1 Nf6 15. Nd2 Bd7 16. Nc4 Nxc4 17. Qxc4 Rac8 18. Qb3 cxd5 {1-0 (80) Howell,D (2644)-Maghsoodloo,P (2584) Doha 2016}) 10. Bb3 Nfd7 11. Be3 exd4 12. Nxd4 Nc5 13. Qf3 Nxb3 14. cxb3 {LiveBook: 19 Games} Bg5 15. Rad1 Bxe3 16. Qxe3 Bd7 $146 ({Predecessor:} 16... Be6 17. Qg3 {1-0 (49) Wang,J (2399)-Foisor,S (2281) Ningbo 2013}) 17. Qg3 Nc8 18. Nce2 c5 ({Black should try} 18... Qf6 $14) 19. Nb5 (19. Nc2 {keeps more tension.} Be6 20. Nf4 Qf6 21. Nxe6 fxe6 22. Na3) 19... Bxb5 20. axb5 Qf6 21. Nc3 Qg6 22. Qf4 Qh6 (22... f6 $16) 23. Qxh6 $18 gxh6 24. e5 dxe5 25. Rxe5 b6 26. Nd5 Ra7 27. Rd3 Kh8 28. Rh5 Rd8 29. Rxh6 {[#] Strongly threatening Nf6.} f6 30. Rh5 ({Don't do} 30. Rxf6 Rad7 $14) 30... Rg7 (30... Rd6 $16) 31. Rf3 $40 {[%mdl 128] White is out for blood.} Rg5 (31... Rf7 $142 32. Re3 Kg7) 32. Nxf6 {[%csl Gf6][%cal Rh5h7]} Rxh5 33. Nxh5 {[%mdl 4096] Endgame KRN-KRN} Kg8 34. Rg3+ Kf7 35. Rg7+ Ke6 36. Rxh7 Rd1+ 37. Kh2 Rd2 38. Rh6+ Kd7 (38... Ke7 {is a better defense.} 39. Rc6 Nd6) 39. Nf6+ Kd8 40. Rh8+ Kc7 $2 {[#]} (40... Ke7 41. Ne4 Rd4 42. Nxc5 Nd6 43. Rh7+ Ke8) 41. Rh7+ Kb8 42. Nd7+ Ka8 {Precision: White = 71%, Black = 44%.} 1-0

[Event "Top 12 FRA-chT 2017"]
[Site "Chartres"]
[Date "2017.05.24"]
[Round "7"]
[White "Degraeve, Jean-Marc"]
[Black "Baklan, Vladimir"]
[Result "1/2-1/2"]
[WhiteElo "2592"]
[BlackElo "2594"]
[Annotator "TA"]
[PlyCount "31"]
[EventDate "2017.??.??"]
[EventType "team-tourn"]
[EventCountry "FRA"]
[SourceTitle "playchess.com"]
[Source "ChessBase"]
[SourceQuality "1"]
[WhiteTeam "Saint Quentin"]
[BlackTeam "Strasbourg"]

{[%evp 16,31,6,5,37,-6,-1,-2,-6,-9,-11,-2,0,0,4,-8,-16,-13]} 1. e4 e6 2. d4 d5 3. Nd2 c5 4. Ngf3 cxd4 5. Nxd4 Nf6 6. exd5 Nxd5 7. a3 {C07: French Tarrasch: 3...c5, 4 Ngf3 and 4 exd5 Qxd5} (7. N2f3 Bb4+ 8. Bd2 O-O 9. Bc4 b6 10. c3 Be7 11. Qe2 Bb7 12. O-O Nd7 13. Rfe1 Bf6 14. Rad1 Re8 {½-½ (24) Vallejo Pons,F (2711)-Bluebaum,M (2642) Germany 2017}) 7... Be7 8. N2f3 O-O 9. Bd3 {LiveBook: 3 Games} Nc6 $146 ({Predecessor:} 9... Bd7 10. Ne5 Qa5+ 11. Bd2 Qb6 12. Ndf3 Be8 13. c4 Nf6 14. Bc3 Nc6 15. O-O Rd8 16. Qe2 Nxe5 17. Nxe5 Nd7 18. Ng4 f5 {½-½ (18) Shimanov,A (2591)-Levin,E (2525) St Petersburg 2014}) 10. O-O Nxd4 {The position is equal.} 11. Nxd4 Bf6 12. c3 ({Avoid the trap} 12. Qh5 $2 g6 $19) 12... Bxd4 13. cxd4 Bd7 14. Qh5 {[%csl Gd3][%cal Rh5h7] [#]} f5 15. Bc4 Qb6 16. Rd1 1/2-1/2

[Event "Top 12 FRA-chT 2017"]
[Site "Chartres"]
[Date "2017.05.24"]
[Round "7"]
[White "Solodovnichenko, Yuri"]
[Black "Duda, Jan-Krzysztof"]
[Result "1/2-1/2"]
[WhiteElo "2576"]
[BlackElo "2693"]
[Annotator "TA"]
[PlyCount "95"]
[EventDate "2017.??.??"]
[EventType "team-tourn"]
[EventCountry "FRA"]
[SourceTitle "playchess.com"]
[Source "ChessBase"]
[SourceQuality "1"]
[WhiteTeam "Vandoeuvre"]
[BlackTeam "Bois-Colombes"]

{[%evp 29,95,-46,-19,-25,-29,-27,-40,-90,-92,-86,-81,-83,-80,-84,-86,-77,-86,-86,-86,-88,-92,-85,-43,-64,-66,-50,-44,-114,-97,-99,-89,-111,-105,-95,-93,-179,-171,-189,-147,-136,-103,-105,-111,-155,-164,-164,-171,-176,0,0,0,0,0,0,0,0,0,-41,-41,-44,-44,-44,-44,-44,-44,-44,-44,-44]} 1. e4 c5 2. Nf3 d6 3. d4 cxd4 4. Nxd4 Nf6 5. Nc3 a6 6. Bg5 e6 7. f4 Qb6 8. Qd2 Qxb2 9. Rb1 Qa3 10. e5 h6 11. Bh4 dxe5 {B97: Sicilian Najdorf: Poisoned Pawn} 12. fxe5 Nfd7 13. Ne4 Qxa2 14. Rd1 Qb2 (14... Qd5 15. Qe3 Qxe5 16. Be2 Bc5 17. Bg3 Qd5 18. c4 Bxd4 19. Rxd4 {½-½ (52) Radjabov,T (2696)-Giri,A (2767) Novi Sad 2016}) 15. Qe3 Bc5 {LiveBook: 4 Games} (15... Nxe5 $6 16. Be2 $14) (15... Qa3 $5 {[%cal Ra3e3]} 16. c3 Bc5 $15) 16. c3 $1 Qa3 $1 17. Be2 Nc6 $1 {[%cal Rc6d4] Threatens to win with ...Nxd4.} ({Not} 17... Nxe5 $2 18. Nxe6 $1 {[%mdl 512]} Be7 19. Nc7+ Kf8 20. Bxe7+ Qxe7 21. Nxa8 $18) 18. Nd6+ Bxd6 19. exd6 {[#]} Qc5 $1 (19... Qxd6 $6 20. Nf5 $11) 20. O-O {Rxf7! is the strong threat.} O-O $146 21. Qe4 e5 ({Of course not} 21... Qxc3 22. Nxe6 Nc5 23. Nxc5 $11) 22. Bd3 {[%csl Gd3][%cal Re4h7] [#]} f5 $1 {[%cal Rf5e4]} 23. Rxf5 Rxf5 24. Qxf5 {Qe6+ would kill now.} Nf8 25. Qh5 ({Don't blunder} 25. Qf2 $2 exd4 26. cxd4 Nxd4 $19) 25... Nxd4 26. cxd4 Qxd4+ 27. Bf2 Qg4 28. Be2 (28. Qxg4 $1 $15 Bxg4 29. Ra1) 28... Qxh5 $17 29. Bxh5 a5 {[%cal Ba6a5,Ba5a4][%mdl 32]} 30. Bf3 a4 31. Bg3 Nd7 32. Kf2 (32. Bd5+ $17 Kh7 33. Be4+ Kh8 34. Bf5) 32... Kf8 $19 33. Ke2 Ke8 34. Kd2 Ra6 35. Kc3 Rb6 36. Rd5 Rb3+ 37. Kc2 b5 {aiming for ...Bb7.} 38. Be2 Bb7 $2 (38... Kd8 $19 {Hoping for ...b4.} 39. Rd3 Rb4) 39. Rxb5 $11 Be4+ 40. Kd2 Bxg2 41. Rxb3 axb3 {[%mdl 4096] Endgame KBB-KBN} 42. Bb5 Kd8 43. Bxd7 (43. Bc4 {feels hotter.} b2 44. Kc2 g5 45. Kxb2 Bh3 46. Bb5) 43... Kxd7 {Black is slightly better.} 44. Bxe5 g5 {[%cal Bg7g5,Bg5g4][%mdl 32]} 45. Kc3 Bd5 46. Bg7 h5 47. Bf6 g4 48. Be7 {Precision: White = 71%, Black = 77%.} 1/2-1/2

[Event "Top 12 FRA-chT 2017"]
[Site "Chartres"]
[Date "2017.05.24"]
[Round "7"]
[White "Heimann, Andreas"]
[Black "Hamdouchi, Hicham"]
[Result "1/2-1/2"]
[WhiteElo "2573"]
[BlackElo "2586"]
[Annotator "TA"]
[PlyCount "59"]
[EventDate "2017.??.??"]
[EventType "team-tourn"]
[EventCountry "FRA"]
[SourceTitle "playchess.com"]
[Source "ChessBase"]
[SourceQuality "1"]
[WhiteTeam "Mulhouse Philidor"]
[BlackTeam "Clichy"]

{[%evp 15,59,18,21,33,40,38,56,17,41,29,29,31,22,25,36,-12,0,-44,2,-30,-28,-25,-23,-22,-31,-60,-60,-81,-11,-12,-12,-12,-12,-13,-20,-13,-23,-48,0,0,0,0,0,0,0,0]} 1. e4 e6 2. d4 d5 3. Nc3 dxe4 4. Nxe4 Nd7 5. Nf3 Ngf6 6. Nxf6+ Nxf6 7. Be3 Ng4 {C10: French with 3 Nc3: Unusual Black 3rd moves and 3...dxe4} 8. Qd2 Nxe3 {LiveBook: 5 Games} 9. Qxe3 Bd6 {White is slightly better.} 10. O-O-O Qe7 11. Qe4 $146 ({Predecessor:} 11. Bd3 O-O 12. Qe4 g6 13. h4 Bd7 14. h5 Bc6 15. Qe3 Bxf3 16. Qxf3 Rfd8 17. hxg6 hxg6 18. Kb1 Kg7 19. Rh3 c6 20. Rdh1 {½-½ (20) Lalic,B (2600)-Rowson,J (2490) London 1997}) 11... Bd7 12. Ne5 O-O-O 13. Ba6 {[%csl Ga6][%cal Re4b7] [#]} c6 {Hoping for ...Bxe5.} 14. Bc4 Kb8 15. Rd3 Bc8 (15... Be8 $5 {[%cal Rf7f6]} 16. Nf3 f6 17. Qxe6 Qxe6 18. Bxe6 Bf4+ 19. Kb1 Bg6 $11) 16. Rhd1 g6 (16... f6 $5 17. Nf3 $8 g5 $11) 17. R3d2 f6 18. Nf3 e5 19. dxe5 fxe5 20. Qe3 Rhf8 $1 21. Re1 {[%cal Rf3e5] [#]} Bg4 (21... Rde8 $1 $17 {aiming for ...e4.} 22. Qg5 Bc7) 22. Nxe5 $11 Qxe5 23. Qxe5 Bxe5 24. Rxe5 Rxd2 25. Kxd2 Rxf2+ {KRB-KRB} 26. Kc3 Rxg2 27. Re8+ {The position is equal.} Kc7 28. Re7+ Kb6 29. Rxh7 Bf5 30. Bd3 {Precision: White = 53%, Black = 43%.} 1/2-1/2

[Event "Top 12 FRA-chT 2017"]
[Site "Chartres"]
[Date "2017.05.24"]
[Round "7"]
[White "Wagner, Dennis"]
[Black "Dorfman, Iossif"]
[Result "1/2-1/2"]
[WhiteElo "2571"]
[BlackElo "2560"]
[Annotator "TA"]
[PlyCount "69"]
[EventDate "2017.??.??"]
[EventType "team-tourn"]
[EventCountry "FRA"]
[SourceTitle "playchess.com"]
[Source "ChessBase"]
[SourceQuality "1"]
[WhiteTeam "Nice Alekhine"]
[BlackTeam "Grasse Echecs"]

{[%evp 18,69,17,24,30,0,30,0,0,0,22,12,43,-11,-6,-11,-12,-17,-14,-37,0,0,0,16,39,18,53,31,28,33,30,0,82,30,47,-27,0,0,0,0,0,0,0,0,0,0,0,0,0,0,0,0,0,0]} 1. Nf3 d5 2. g3 Bg4 3. Bg2 e6 4. O-O Nd7 5. d3 Bd6 6. c4 {A07: Réti Opening: New York and Capablanca Systems} Ne7 (6... c6 7. Qb3 Qb6 8. Be3 Qxb3 9. axb3 a6 10. h3 Bxf3 11. Bxf3 Ne7 12. Bd2 Nc5 13. Ra3 e5 14. b4 Ne6 {0-1 (60) Wang,H (2710)-Ivanchuk,V (2704) Beijing 2014}) 7. cxd5 exd5 8. Nc3 c6 9. h3 $146 ({Predecessor:} 9. Qc2 O-O 10. e4 Nc5 11. Ne2 Ne6 12. Be3 Qd7 13. Nh4 g5 {0-1 (29) Ninov,K (2415)-Sharif,M (2455) Cap d'Agde 1994}) 9... Bxf3 10. Bxf3 {LiveBook: 3 Games} O-O 11. Bg2 Nc5 (11... d4 $5 {[%cal Rd4c3]} 12. Ne4 Be5 $11) 12. b4 Ne6 13. Rb1 a6 14. Bd2 Kh8 15. Na4 (15. e4 $14) 15... b5 $11 16. Nc3 a5 17. a3 axb4 18. axb4 Ra3 ({Better is} 18... f5 $15) 19. Qc1 Ra6 20. e4 {[%cal Re4d5]} dxe4 21. dxe4 Bb8 22. Rd1 Ba7 23. Be3 (23. Bf4 $5 Qb6 24. Be3 $14) 23... Qb8 24. Rd7 Nc8 (24... Bxe3 $11 {keeps the balance.} 25. Qxe3 Nc8) 25. Bxa7 ({White should try} 25. Nd1 $16) 25... Rxa7 26. Qd2 (26. Rd1 $14) 26... Nb6 27. Rxa7 {The position is equal.} Qxa7 28. Qe3 Qb8 29. Bf1 Rd8 30. Rd1 h6 31. h4 Rxd1 32. Nxd1 Nd7 33. Nb2 Ne5 34. Nd3 Nc4 35. Qf3 {Precision: White = 54%, Black = 39%.} 1/2-1/2

[Event "Top 12 FRA-chT 2017"]
[Site "Chartres"]
[Date "2017.05.24"]
[Round "7"]
[White "Sumets, Andrey"]
[Black "Sebag, Marie"]
[Result "1/2-1/2"]
[WhiteElo "2566"]
[BlackElo "2488"]
[Annotator "TA"]
[PlyCount "103"]
[EventDate "2017.??.??"]
[EventType "team-tourn"]
[EventCountry "FRA"]
[SourceTitle "playchess.com"]
[Source "ChessBase"]
[SourceQuality "1"]
[WhiteTeam "Saint Quentin"]
[BlackTeam "Strasbourg"]

{[%evp 12,103,9,15,22,19,43,36,47,29,35,22,38,33,34,0,13,22,30,34,45,49,34,27,42,63,73,14,14,16,15,15,14,0,0,1,68,56,54,56,60,61,65,46,41,41,75,56,75,75,84,84,84,84,106,106,106,106,106,106,106,84,106,0,106,113,113,106,110,106,106,106,106,106,106,106,106,84,88,86,106,106,105,106,109,77,77,0,112,77,76,60,100,78]} 1. d4 d5 2. c4 c6 3. Nc3 Nf6 4. e3 e6 5. b3 Nbd7 (5... Bb4 6. Bb2 Ne4 7. Nge2 Qf6 8. f3 Bxc3+ 9. Bxc3 Nxc3 10. Nxc3 O-O 11. f4 Nd7 12. Be2 dxc4 13. bxc4 c5 14. O-O {½-½ (41) Sargissian,G (2702)-Ding,L (2766) Huaian 2016}) 6. Bb2 {D31: Queen's Gambit Declined: Semi-Slav without ...Nf6 (+ Marshall Gambit and Noteboom) and Exchange Variation lines without ...Nf6} Bd6 7. Bd3 {LiveBook: 14 Games} e5 8. cxd5 {The position is equal.} cxd5 9. dxe5 $1 Nxe5 10. Bb5+ Nc6 $146 ({Predecessor:} 10... Bd7 11. Bxd7+ Qxd7 12. Nge2 Nc6 13. O-O {1-0 (42) Banusz,T (2621)-Andersen,M (2505) Zalakaros 2016}) 11. Nf3 O-O 12. O-O a6 13. Be2 (13. Bxc6 $5 bxc6 14. Na4 $11) 13... Be6 14. Rc1 Re8 15. Nd4 Ne5 16. f4 Nc6 17. Nxc6 bxc6 18. Na4 Bd7 {[#]} 19. Bd4 ({Better is} 19. Bxf6 $1 $16 Qxf6 20. Nb6) 19... Ne4 $11 20. Bd3 a5 21. Qh5 Rb8 22. Bxe4 Rxe4 23. Nc5 $40 {[%mdl 128] White is up to no good.} g6 (23... Re8 $11) 24. Qg5 $14 Qxg5 25. fxg5 Bxc5 $1 26. Rxc5 Ra8 27. a4 Kf8 28. h3 Ke7 29. Kf2 Kd6 30. Ke2 Be6 31. g4 Ra6 32. Kd2 Ra8 33. Kc3 Kc7 34. Kb2 Kd6 35. Ka3 Ra6 36. Rf2 Ra8 37. Rf1 Ra6 $1 38. b4 axb4+ 39. Kxb4 Rb6+ 40. Ka3 Ra6 41. a5 Kc7 42. Ka4 Ra8 43. Rb1 Ra6 44. Kb4 Bd7 45. Rf1 Be6 46. Kc3 Ra8 47. Kd3 Ra6 48. Rb1 Bc8 49. Rf1 Be6 50. Rfc1 Kd6 51. Rb1 Kc7 52. Kc3 {Precision: White = 63%, Black = 55%.} 1/2-1/2

[Event "Top 12 FRA-chT 2017"]
[Site "Chartres"]
[Date "2017.05.24"]
[Round "7"]
[White "Libiszewski, Fabien"]
[Black "Babault, Patrice"]
[Result "1/2-1/2"]
[WhiteElo "2544"]
[BlackElo "2411"]
[Annotator "TA"]
[PlyCount "96"]
[EventDate "2017.??.??"]
[EventType "team-tourn"]
[EventCountry "FRA"]
[SourceTitle "playchess.com"]
[Source "ChessBase"]
[SourceQuality "1"]
[WhiteTeam "Grasse Echecs"]
[BlackTeam "Nice Alekhine"]

{[%evp 15,96,5,38,22,22,37,24,23,25,16,35,37,26,17,65,33,33,33,33,33,33,33,29,18,33,33,33,33,33,32,32,11,32,30,33,25,22,28,33,26,29,0,34,0,11,0,5,4,31,11,25,12,14,0,20,0,31,16,35,35,36,33,36,0,30,0,31,4,31,8,31,0,12,0,24,24,24,14,18,14,24,24,24]} 1. e4 c6 2. d4 d5 3. e5 Bf5 4. Nd2 e6 5. Nb3 Nd7 6. Nf3 a6 {B12: Caro-Kann: Advance Variation} (6... Qc7 7. Be2 c5 8. O-O c4 9. Nbd2 h6 10. c3 Ne7 11. b3 cxb3 12. Qxb3 Nc6 13. c4 Na5 14. Qa4 dxc4 15. Nxc4 Nxc4 16. Bxc4 {0-1 (51) Rublevsky,S (2689)-Fedoseev,V (2673) Novi Sad 2016}) 7. Be2 c5 8. dxc5 Nxc5 {LiveBook: 3 Games. The position is equal.} 9. O-O Nxb3 10. axb3 {[%cal Ba2b3,Bb3b4][%mdl 32]} Bc5 11. c3 Ne7 12. b4 Ba7 $146 ({Predecessor:} 12... Bb6 13. Qa4+ Qd7 14. Qxd7+ Kxd7 15. Rd1 Nc6 16. Bf4 h6 17. h3 Ke7 18. g4 Bh7 19. Bf1 Rhd8 20. Rd2 Be4 21. Nh2 {½-½ (21) Wilde,D (2163)-Wobbe,S (2179) Gross Groenau 2008}) 13. Nd4 Bxd4 14. Qxd4 O-O 15. Bg5 (15. Be3 {with more complications.} h6 16. Qf4 Rc8 17. Bc5 Re8 18. Qd2) 15... h6 16. Bxe7 Qxe7 17. Rfe1 Rfd8 18. Bf1 Rac8 19. Ra3 Bg6 20. Rd1 Bc2 21. Rd2 Bg6 22. Ra1 Kh8 23. Rad1 Bh5 24. Re1 Bg6 25. Qe3 Kg8 26. Rd4 Rc7 27. Qd2 Rdc8 28. Qd1 Kh8 29. Re3 Rf8 30. Qg4 Bf5 31. Qg3 Be4 32. Rd1 Rcc8 (32... Bc2 $5 {[%cal Rc2d1]} 33. Rd2 Bf5 $11) 33. Re2 {[%cal Be3e2,Be2d2,Bd2d4][%mdl 32]} Ra8 34. Red2 Rfd8 35. Rd4 Bf5 36. Qe3 Rdc8 37. Ra1 Kg8 38. Ra5 Rd8 39. Ra1 {[%cal Ba5a1,Ba1e1,Be1e3,Be3g3][%mdl 32]} Rdc8 40. Qd2 Rab8 41. Re1 Rc7 42. Qf4 Bg6 43. Re3 Bf5 44. h4 Rf8 45. Be2 Be4 46. Rg3 Kh8 47. Bf3 Bh7 48. Qe3 Bf5 {Precision: White = 42%, Black = 31%.} 1/2-1/2

[Event "Top 12 FRA-chT 2017"]
[Site "Chartres"]
[Date "2017.05.24"]
[Round "7"]
[White "Pelletier, Yannick"]
[Black "Youssoupov, Moisse"]
[Result "1-0"]
[WhiteElo "2543"]
[BlackElo "2233"]
[Annotator "TA"]
[PlyCount "69"]
[EventDate "2017.??.??"]
[EventType "team-tourn"]
[EventCountry "FRA"]
[SourceTitle "playchess.com"]
[Source "ChessBase"]
[SourceQuality "1"]
[WhiteTeam "Bischwiller"]
[BlackTeam "Montpellier"]

{[%evp 11,68,74,77,41,135,133,160,150,230,202,199,208,208,189,183,105,234,216,425,370,408,286,409,400,461,464,483,483,558,568,767,795,862,850,856,847,1437,1370,2301,1386,1399,1358,29990,29990,29990,29991,29991,29992,29992,29993,29993,29994,29994,29995,29995,29993,29998,29999,29999]} 1. Nf3 g6 2. d4 {[%cal Bd2d4,Bd4d5,Bd5d6][%mdl 32]} Bg7 3. c4 c5 4. e4 Qa5+ 5. Nc3 {[%cal Bb1c3,Bc3b5,Bb5c7][%mdl 32]} Nc6 6. d5 Nd4 {LiveBook: 65 Games} 7. d6 {A40: Unusual replies to 1 d4} (7. Bd2 Nxf3+ 8. Qxf3 d6 9. Qd1 Nf6 10. Be2 O-O 11. O-O a6 12. a4 Re8 13. h3 e6 14. Bd3 Qc7 15. a5 Bd7 16. Qf3 Bc8 {0-1 (44) Tratar,M (2503)-Dvirnyy,D (2554) Bol 2013}) 7... e6 $146 ({Black should play} 7... exd6 $14 8. Bd2 Nf6) ({Predecessor:} 7... exd6 8. Bd2 Ne6 9. Nb5 Qb6 10. Be3 Qa5+ 11. b4 cxb4 12. Rb1 Bc3+ 13. Bd2 Nf6 14. Nxd6+ Ke7 {1-0 (33) Le Bled,P (2395)-De Bari,V (2344) ICCF email 2007}) 8. Bd2 $16 Qb6 9. Nxd4 {White is clearly better.} cxd4 (9... Bxd4 $16 10. Nb5 Kf8) 10. Nb5 $18 {aiming for c5!} Kf8 11. Bd3 a6 12. Nc7 Rb8 {[#]} 13. Qb3 (13. a3 $1 $18) 13... Qc6 (13... Qxb3 $16 {was called for.} 14. axb3 f5) 14. O-O f5 $2 (14... Nf6 15. e5 Ng4) 15. exf5 gxf5 16. c5 b5 (16... b6 $142 17. Rac1 (17. Bxa6 Bb7 $18) (17. Nxa6 Bxa6 18. Bxa6 b5 $11) 17... Bb7) 17. a4 b4 18. Rac1 ({Weaker is} 18. Bxb4 Nf6 $16) 18... Nf6 19. f3 {[%cal Bf2f3,Bf3e4][%mdl 32]} h5 20. Rfe1 h4 21. Bxf5 Rh5 22. Be4 Nxe4 23. fxe4 Rxc5 24. Qf3+ Kg8 25. Rf1 Bb7 26. Qf7+ Kh7 27. Rxc5 {White mates.} Qxc5 28. Rf6 {[%csl Gd2][%cal Rf6h6]} d3+ 29. Kh1 {[%csl Gd2][%cal Rf6h6]} Kh8 30. Ne8 Rxe8 31. Qxe8+ Kh7 32. Qg6+ Kh8 {[#]} 33. Bh6 $1 {[%csl Gh6][%cal Rg6g7][%mdl 512]} Bxf6 34. Qxf6+ Kh7 35. Qg7# {Precision: White = 84%, Black = 27%.} 1-0

[Event "Top 12 FRA-chT 2017"]
[Site "Chartres"]
[Date "2017.05.24"]
[Round "7"]
[White "Rambaldi, Francesco"]
[Black "Apicella, Manuel"]
[Result "1/2-1/2"]
[WhiteElo "2542"]
[BlackElo "2515"]
[Annotator "TA"]
[PlyCount "61"]
[EventDate "2017.??.??"]
[EventType "team-tourn"]
[EventCountry "FRA"]
[SourceTitle "playchess.com"]
[Source "ChessBase"]
[SourceQuality "1"]
[WhiteTeam "Nice Alekhine"]
[BlackTeam "Grasse Echecs"]

{[%evp 17,61,0,23,19,25,31,27,47,53,56,77,74,139,121,262,148,279,274,262,237,264,83,106,26,75,0,0,0,0,0,41,0,0,0,0,0,0,0,0,0,0,0,0,0,0,0]} 1. d4 Nf6 2. Nf3 e6 3. Bf4 c5 4. e3 d5 5. c3 Nc6 6. Nbd2 Bd6 7. Bg3 O-O 8. Bb5 {D02: 1 d4 d5 2 Nf3 sidelines, including 2...Nf6 3 g3 and 2...Nf6 3 Bf4} Ne7 (8... a6 9. Bxc6 bxc6 10. Qa4 Rb8 11. Qa3 Bxg3 12. hxg3 cxd4 13. cxd4 a5 14. O-O Qb6 15. b3 Ba6 {1-0 (24) Carlsen,M (2840)-Anand,V (2779) Doha 2016}) 9. Bd3 Ng6 {LiveBook: 4 Games} (9... c4 $5 {[%cal Rc4d3]} 10. Bc2 b5 $11) 10. Bxg6 {White has an edge.} hxg6 11. Bxd6 Qxd6 12. Ne5 b5 $146 ({Predecessor:} 12... b6 13. h4 Ba6 14. f4 b5 15. g4 b4 {1-0 (40) Chigaev,M (2531)-Gedajlovic,M (2338) Groningen 2016}) 13. Nb3 c4 14. Nc5 a5 ({Black should play} 14... Bd7) 15. h4 $1 $16 Ba6 {[#]} (15... Ra7 $16) 16. g4 (16. h5 $1 $18 {[%mdl 512]}) 16... Rfc8 (16... b4 $16) 17. h5 $18 g5 {Threatens to win with ...Rxc5.} 18. h6 g6 {[#]} 19. Nxa6 $2 (19. h7+ $1 $18 {[%mdl 512]} Nxh7 20. Nxf7 $1 {[%mdl 512]}) 19... Rxa6 $16 {[#]} 20. h7+ ({White should try} 20. Qf3 $1 $16 {[%cal Rf3f6]} Qe7 21. h7+ Kg7 22. Qh3) 20... Nxh7 $11 21. Qf3 (21. Rh6 $16) 21... Ra7 22. Rh6 f6 23. Nxg6 Rg7 24. Qh3 b4 {The position is equal.} 25. Kf1 bxc3 26. bxc3 Rb8 27. Kg2 Rb2 28. Rh1 {[%cal Rh6h7]} Qd7 29. Qh2 a4 30. a3 Rb3 31. Kf3 {Precision: White = 63%, Black = 54%.} 1/2-1/2

[Event "Top 12 FRA-chT 2017"]
[Site "Chartres"]
[Date "2017.05.24"]
[Round "7"]
[White "Nataf, Igor-Alexandre"]
[Black "David, Alberto"]
[Result "1/2-1/2"]
[WhiteElo "2535"]
[BlackElo "2548"]
[Annotator "TA"]
[PlyCount "30"]
[EventDate "2017.??.??"]
[EventType "team-tourn"]
[EventCountry "FRA"]
[SourceTitle "playchess.com"]
[Source "ChessBase"]
[SourceQuality "1"]
[WhiteTeam "Strasbourg"]
[BlackTeam "Saint Quentin"]

{[%evp 13,14,31,26]} 1. e4 e6 2. d4 d5 3. exd5 exd5 4. Nf3 Nf6 5. Bd3 Bd6 6. Qe2+ Qe7 7. Qxe7+ Kxe7 {LiveBook: 22 Games} {Predecessor:} 8. O-O $146 Re8 9. Re1+ Kf8 10. Rxe8+ Kxe8 11. Nc3 c6 12. Bd2 h6 13. Re1+ Kf8 14. Ne5 Nbd7 15. f4 Nb6 {1-0 (58) Carlsen,M (2838)-Akobian,V (2645) chess.com INT 2017} 1/2-1/2

[Event "Top 12 FRA-chT 2017"]
[Site "Chartres"]
[Date "2017.05.24"]
[Round "7"]
[White "Bailet, Pierre"]
[Black "Shoker, Samy"]
[Result "1/2-1/2"]
[WhiteElo "2519"]
[BlackElo "2498"]
[Annotator "TA"]
[PlyCount "59"]
[EventDate "2017.??.??"]
[EventType "team-tourn"]
[EventCountry "FRA"]
[SourceTitle "playchess.com"]
[Source "ChessBase"]
[SourceQuality "1"]
[WhiteTeam "Vandoeuvre"]
[BlackTeam "Bois-Colombes"]

{[%evp 17,59,22,26,-18,0,-14,0,-37,-31,-45,-50,-40,-60,-56,-32,-43,-32,-33,0,0,0,-3,-5,-1,0,0,0,0,0,0,28,33,37,21,20,0,0,0,0,0,0,0,0,0]} 1. e4 g6 2. d4 Bg7 3. Nf3 d6 4. Nc3 a6 5. a4 Nc6 6. h3 Nf6 7. Be2 O-O 8. O-O e5 9. d5 {B08: Pirc Defence: Classical System} Ne7 {LiveBook: 4 Games} 10. Nd2 Nd7 11. Nc4 f5 12. exf5 gxf5 13. f4 $146 ({Predecessor:} 13. Bg5 h6 14. Bh4 Nf6 15. Bh5 Nxh5 16. Qxh5 Qe8 17. Qxe8 Rxe8 18. Bxe7 Rxe7 {0-1 (37) Andreikin,D (2720)-Malakhov,V (2694) Moscow 2015}) 13... exf4 14. Bxf4 Ng6 15. Be3 Qh4 (15... Bxc3 $5 16. bxc3 f4 $11) 16. Qe1 Qxe1 17. Raxe1 Nde5 18. Nxe5 Bxe5 19. Bd3 $36 {[%mdl 2048] White has some pressure.} f4 20. Bd2 Bd7 21. b3 f3 22. Rxf3 Rxf3 23. gxf3 Nh4 24. Kf2 Rf8 25. f4 Ng6 {The position is equal.} 26. Bxg6 hxg6 27. Kg3 Bxc3 28. Bxc3 Bf5 29. Re7 {[#] Strongly threatening Rg7+.} Rf7 $1 {[%cal Rf7e7]} 30. Re8+ {Precision: White = 33%, Black = 68%.} 1/2-1/2